000 01261nam a2200325 a 4500
001 000112500
003 CHAP
005 20220329144309.0
008 160606s2016 mx sm |||||||spa d
010 _a108961
011 _a109933
040 _cCHAP
090 _aTesis
100 1 _aArenas Sánchez, Daniel
_9130815
245 1 0 _aDeterminación de razas fisiológicas de ocho poblaciones de Sabanguina tlaxcaltensis n. sp. con plantas diferenciales, en invernadero
_h[En línea]
_cpor Daniel Arenas Sánchez.
260 _aChapingo, Méx. :
_bEl autor,
_c2016.
500 _aPara ver el contenido del material haga clic en la liga
502 _aTesis (Ing. Agr. Esp. en Parasitología Agrícola) -- UACH. Departamento de Parasitología Agrícola
590 _aBATCH-UPD
_b05
_c20160606
_lUCH01
_h1143
590 _aBATCH
_b00
_c20181121
_lUCH01
_h0758
590 _aE5765TAJ
_b05
_c20160606
_lUCH01
_h1143
590 _aE5765TAJ
_b05
_c20160606
_lUCH01
_h1143
650 1 4 _aPlantas parásitas
_xIdentificación.
_9130816
650 1 4 _aSubanguina tlaxcaltensis
_xFisiología y morfología.
_9130817
856 _a1
_n0000501
856 _aFinding aid
_uhttp://10.13.5.2/tesis/sist112500.pdf
_zTeclea aquí
901 _aBK
942 _cTESIS
942 _n0
999 _c108961
_d108961